| 000 | 00000nam 2200000zi 4500 |
| 001 | 9.922102 |
| 003 | CaOODSP |
| 005 | 20230501135308 |
| 006 | m o d f |
| 007 | cr |n||||||||| |
| 008 | 230501t19971997onc o f|0| 0 eng d |
| 020 | |z066263117X |
| 040 | |aCaOODSP|beng|erda|cCaOODSP |
| 043 | |an-cn--- |
| 086 | 1 |aC2-329/1997E-PDF |
| 245 | 00|aManager's guide to using the business impact test. |
| 264 | 1|aOttawa : |bGovernment of Canada = Gouvernement du Canada, |c1997. |
| 264 | 4|c©1997 |
| 300 | |a1 online resource (18 pages) |
| 336 | |atext|btxt|2rdacontent |
| 337 | |acomputer|bc|2rdamedia |
| 338 | |aonline resource|bcr|2rdacarrier |
| 500 | |aIssued also in French under title: Guide à l'intention des gestionnaires : le test de l'impact sur les entreprises. |
| 500 | |aDigitized edition from print [produced by Innovation, Science and Economic Development Canada]. |
| 650 | 0|aTrade regulation|zCanada|xCosts. |
| 710 | 1 |aCanada. |bIndustry Canada, |eissuing body. |
| 775 | 08|tGuide à l'intention des gestionnaires : |w(CaOODSP)9.922107 |
| 856 | 40|qPDF|s903 KB|uhttps://publications.gc.ca/collections/collection_2023/isde-ised/c2/C2-329-1997-eng.pdf |